000
00306nam a2200157Ia 4500
100
_a
Tare/ R.S.
490
_v
20
942
_c
BK
654
_a
Unix
245
_a
Unix Utilities
260
_b
Mc Graw Hill
_a
New York
_c
1988
082
_a
005.3 'U'
300
_a
387
546
_a
ENGLISH
999
_c
34140
_d
34140